最常见中文汉字部首top22 The most common radicals top22 - Statistics

General Stats
  • This quiz has been taken 105 times
  • The average score is 14 of 22
Answer Stats
字数 部首 % Correct
379
98%
246
93%
336
91%
353
85%
307
84%
277
79%
141
79%
144
74%
98
70%
218
69%
160
66%
145
66%
139
66%
103
66%
137
49%
104
49%
139
48%
120
36%
102
36%
96
25%
158
24%
98
24%
No matching quizzes found
Score Distribution
Percent of People with Each Score
Percentile by Number Answered
Your Score History
You have not taken this quiz